Znalosti jsou cenný statek

Nevyjasnenosť pojmu know-how a neurčitá právna úprava ako problém pri hodnotení povahy vedomostí, ktorými disponuje patentový zástupca. Prierez definícií know-how. Problematika využitia vedomosti patentových zástupcov v pracovnom styku. Perspektívy, obsah a zameranie know-how v Českej republike.

Salvato in:
Dettagli Bibliografici
Autore principale: Špindler, Karel
Natura: Capitolo di libro
Lingua:ceco
Soggetti:
Tags: Aggiungi Tag
Nessun Tag, puoi essere il primo ad aggiungerne!!

MARC

LEADER 00000naa a2200000 4500
001 r032844
005 20230920095241.1
041 0 |a cze 
044 |a CZ 
245 1 0 |a Znalosti jsou cenný statek  |c Karel Špindler 
520 |a Nevyjasnenosť pojmu know-how a neurčitá právna úprava ako problém pri hodnotení povahy vedomostí, ktorými disponuje patentový zástupca. Prierez definícií know-how. Problematika využitia vedomosti patentových zástupcov v pracovnom styku. Perspektívy, obsah a zameranie know-how v Českej republike. 
610 2 0 |a know-how 
610 2 0 |a vlastníctvo duševné 
610 2 0 |a vlastníctvo priemyselné 
610 2 0 |a patenty 
610 2 0 |a vedomosti 
610 2 0 |a informácie 
610 2 0 |a legislatíva 
610 2 0 |a Česko 
100 1 |a Špindler, Karel